000 00705nam a2200253Ia 4500
003 OSt
005 20220918210535.0
006 a|||||r|||| 00| 0
007 ta
008 220917b |||||||| |||| 00| 0 eng d
024 _a120,871
037 _cTextual
040 _aARTS
_cARTS
_beng
041 _2eng
_aeng
082 _aWwM20, L8
100 _aWiltshire David
_9118519
245 0 _aSocial and political thought of Herbert Spencer
260 _aOxford
_bOUP
_c1978
300 _a269p.
_ccm.
490 _aOxford historical monographs ed by Barbara Harvey etc
650 _aPOLITICAL SCIENCE
942 _hWwM20, L8
_cTEXL
_2CC
999 _c244127
_d244127